Elogio da amizade (Registo nº 4565)

Detalhes MARC
000 -Etiqueta do registo
Cabeçalho 00864nam0a2200277 4500
005 - Identificador da versão
Campo de controlo 20240813122105.0
010 ## - Número internacional normalizado dos livros (ISBN)
Número (ISBN) 972751085X
021 ## - Número do Depósito Legal
Código do país PT
Número 148985/00
003 - Persistent Record Identifier
control field http://porbase.bnportugal.pt/ipac20/ipac.jsp?profile=bn&uri=full=3100024~!2479147~!0
100 ## - Dados gerais de processamento
Dados gerais de processamento 20170119d2004 em y0pory5003 ba
102 ## - Pais de publicação ou produção
País de publicação Portugal
101 1# - Língua de publicação
Língua do texto, banda sonora, etc. Português
Língua do documento no original Inglês
215 ## - Descrição física 
Indicação específica da natureza do documento e extensão da espécie [801] p.
Outras indicações físicas il
200 1# - Titulo e menção de responsabilidade
Título próprio Elogio da amizade
Primeira menção de responsabilidade escrito por Kass P. Dotterweich e John D. Perry
Outras menções de responsabilidade il. R. W. Alley
225 1# - Colecção 
Título próprio da colecção Minilivros auto-ajuda
Indicação de volume 1
205 ## - Menção da edição
Menção da edição 5ª ed
210 ## - Publicação, Distribuição, etc. 
Lugar da edição, distribuição, etc. [Prior Velho]
Nome do editor, distribuidor, etc. Paulinas
Data da publicação, distribuição, etc. 2004
675 ## - Classificação Decimal Universal (CDU)
Notação 159.923
Edição 3ª ed.
Língua da edição por
702 #1 - Nome de autor-pessoa física (responsabilidade secundária)
Número de registo de entrada de autoridade 0001651
Palavra de ordem Alley
Outra parte do nome não tomada para palavra de ordem R. W
Código de função Ilustrador / Técnico de desenho computorizado
701 #1 - Nome de autor-pessoa física (co-responsabilidade principal)
Palavra de ordem Perry
Outra parte do nome não tomada para palavra de ordem John D.
Elementos de identificação ou distinção e outro
Código de função Autor / Co-autor
700 #1 - Nome de autor-pessoa física (responsabilidade principal)
Número de registo de entrada de autoridade 0001654
Palavra de ordem Dotterweich
Outra parte do nome não tomada para palavra de ordem Kass P.
Elementos de identificação ou distinção e outro
966 ## - Identificação da Biblioteca
Sigla EBVEN
942 ## - Elementos de entrada adicionados (Koha)
Tipo de item no Koha Livro
Exemplares
Situação do levantamento Origin of item (home branch) (coded) Biblioteca de empréstimo Código de barras Cota Circulation type (not for loan) Tipo de documento Nota do exemplar Damaged status
  Biblioteca Escolar das Vendas Biblioteca Escolar das Vendas BEV2110 1FIL DOT   Livro Sem mensagem